LEADER 02819nam 22005894a 450 001 9910453893403321 005 20200520144314.0 010 $a1-281-81845-3 010 $a9786611818456 010 $a0-8261-7422-1 035 $a(CKB)1000000000705094 035 $a(EBL)423540 035 $a(OCoLC)476263479 035 $a(SSID)ssj0000100396 035 $a(PQKBManifestationID)11111356 035 $a(PQKBTitleCode)TC0000100396 035 $a(PQKBWorkID)10036969 035 $a(PQKB)11726205 035 $a(MiAaPQ)EBC423540 035 $a(Au-PeEL)EBL423540 035 $a(CaPaEBR)ebr10265338 035 $a(CaONFJC)MIL181845 035 $a(EXLCZ)991000000000705094 100 $a20030627d2003 uy 0 101 0 $aeng 135 $aur|n|---||||| 181 $ctxt 182 $cc 183 $acr 200 10$aAging and ethnicity$b[electronic resource] $eknowledge and services /$fDonald E. Gelfand 205 $a2nd ed. 210 $aNew York $cSpringer Pub.$dc2003 215 $a1 online resource (232 p.) 300 $aDescription based upon print version of record. 311 $a0-8261-7421-3 320 $aIncludes bibliographical references and index. 327 $aContents; Preface; Introduction; Chapter One: Ethnicity, Gerontological Theory, and Research; Chapter Two: Ethnicity, Immigration, and the Ethnic Aged; Chapter Three: Ethnic Aged in the United States; Chapter Four: Security and the Ethnic Elderly; Chapter Five: Family and Religious Organizations as Sources of Assistance; Chapter Six: Reaching and Meeting Ethnic Aged Needs; Chapter Seven: Programs, Services, and the Ethnic Aged; Chapter Eight: Paradigms, Assumptions, and Assessments; Index 330 $aIn the Second Edition, Gelfand devotes greater attention to the impact of immigration on the United States and provides a useful model for providers working with older persons from diverse ethnic backgrounds. Based on 2000 Census data, this edition contains updated references throughout along with new tables/graphs. Chapter topics include: Security and the Ethnic Elderly; Family and Church as Sources of Assistance; and Programs and Services for the Ethnic Aged. Not meant to be an exhaustive review of the literature, the text focuses on specific issues and themes that the author believes are im 606 $aMinority older people$zUnited States 606 $aMinority older people$xServices for$zUnited States 608 $aElectronic books. 615 0$aMinority older people 615 0$aMinority older people$xServices for 676 $a305.26/0973 700 $aGelfand$b Donald E$0928493 801 0$bMiAaPQ 801 1$bMiAaPQ 801 2$bMiAaPQ 906 $aBOOK 912 $a9910453893403321 996 $aAging and ethnicity$92166046 997 $aUNINA LEADER 03850nam 22007455 450 001 9910299963003321 005 20250505002904.0 010 $a1-4614-9602-0 024 7 $a10.1007/978-1-4614-9602-1 035 $a(CKB)3710000000092561 035 $a(EBL)1781994 035 $a(SSID)ssj0001186984 035 $a(PQKBManifestationID)11651473 035 $a(PQKBTitleCode)TC0001186984 035 $a(PQKBWorkID)11243174 035 $a(PQKB)11214211 035 $a(MiAaPQ)EBC1781994 035 $a(DE-He213)978-1-4614-9602-1 035 $a(PPN)177825081 035 $a(EXLCZ)993710000000092561 100 $a20140303d2014 u| 0 101 0 $aeng 135 $aur|n|---||||| 181 $ctxt 182 $cc 183 $acr 200 10$aAnalysis of Neural Data /$fby Robert E. Kass, Uri T. Eden, Emery N. Brown 205 $a1st ed. 2014. 210 1$aNew York, NY :$cSpringer New York :$cImprint: Springer,$d2014. 215 $a1 online resource (663 p.) 225 1 $aSpringer Series in Statistics,$x2197-568X 300 $aDescription based upon print version of record. 311 08$a1-322-13255-0 311 08$a1-4614-9601-2 320 $aIncludes bibliographical references at the end of each chapters and indexes. 327 $aIntroduction -- Exploring Data -- Probability and Random Variables -- Random Vectors -- Important Probability Distributions -- Sequences of Random Variables -- Estimation and Uncertainty -- Estimation in Theory and Practice -- Uncertainty and the Bootstrap -- Statistical Significance -- General Methods for Testing Hypotheses -- Linear Regression -- Analysis of Variance -- Generalized Regression -- Nonparametric Regression -- Bayesian Methods -- Multivariate Analysis -- Time Series -- Point Processes -- Appendix: Mathematical Background -- Example Index -- Index -- Bibliography. 330 $aContinual improvements in data collection and processing have had a huge impact on brain research, producing data sets that are often large and complicated. By emphasizing a few fundamental principles, and a handful of ubiquitous techniques, Analysis of Neural Data provides a unified treatment of analytical methods that have become essential for contemporary researchers. Throughout the book ideas are illustrated with more than 100 examples drawn from the literature, ranging from electrophysiology, to neuroimaging, to behavior. By demonstrating the commonality among various statistical approaches the authors provide the crucial tools for gaining knowledge from diverse types of data. Aimed at experimentalists with only high-school level mathematics, as well as computationally-oriented neuroscientists who have limited familiarity with statistics, Analysis of Neural Data serves as both a self-contained introduction and a reference work. 410 0$aSpringer Series in Statistics,$x2197-568X 606 $aBiometry 606 $aNeurosciences 606 $aNeuropsychology 606 $aStatistics 606 $aBiostatistics 606 $aNeuroscience 606 $aNeuropsychology 606 $aStatistical Theory and Methods 615 0$aBiometry. 615 0$aNeurosciences. 615 0$aNeuropsychology. 615 0$aStatistics. 615 14$aBiostatistics. 615 24$aNeuroscience. 615 24$aNeuropsychology. 615 24$aStatistical Theory and Methods. 676 $a612.8 700 $aKass$b Robert E.$4aut$4http://id.loc.gov/vocabulary/relators/aut$0423354 702 $aEden$b Uri T.$4aut$4http://id.loc.gov/vocabulary/relators/aut 702 $aBrown$b E. N$g(Emery N.),$4aut$4http://id.loc.gov/vocabulary/relators/aut 801 0$bMiAaPQ 801 1$bMiAaPQ 801 2$bMiAaPQ 906 $aBOOK 912 $a9910299963003321 996 $aAnalysis of Neural Data$92528825 997 $aUNINA